000 00276nam a22001097a 4500
082 _a001
100 _aKiran Pub.
_979927
245 _aSSC General Awareness Solved Papers 14300+
260 _aDelhi
_bKiran Publication
_c2023
650 _aGeneral Awareness
_981909
942 _cBK
999 _c66111
_d66111